| 000 | 00830nas a2200289 4500 | ||
|---|---|---|---|
| 001 | BR2011000045 | ||
| 003 | BR-BrBNA | ||
| 005 | 20231205114833.0 | ||
| 007 | ta | ||
| 008 | 230509b bl.|||p| |||| 00| 00por d | ||
| 040 |
_aBR-BrBNA _bpor _cBiblioteca Nacional de Agricultura |
||
| 041 | _a(En) | ||
| 072 | _aF30; H10 | ||
| 100 | 1 | _aBaldin, E.L.L. | |
| 100 | 1 | _aMarchi, L.S. | |
| 100 | 1 | _aSchlick, E.C. | |
| 245 | 1 | _aResistance of squash cultivars to Aphis gossypii | |
| 650 | _aABOBRINHA | ||
| 650 | _aPRAGA DE PLANTA | ||
| 650 | _aINSETO | ||
| 650 | _aCUCURBITA PEPO | ||
| 650 | _aPULGÃO | ||
| 650 | _aVARIEDADE RESISTENTE | ||
| 773 | 0 |
_tHorticultura Brasileira (Brazil) _xISSN 0102-0536 _g(Jul-Sep)2009), v. 27(3) p. 366-370 _wBR2011000045 |
|
| 909 |
_a202311 _bLúcia _c55 _dLúcia Elande |
||
| 942 |
_2AGRIS _n0 _cANA |
||
| 999 |
_c210745 _d210745 |
||